[Event "Eurasia Open Cup 2019"]
[Site "Ekaterinburg"]
[Date "2019.08.03"]
[Round "4.19"]
[White "Odegov, Artem"]
[Black "Balashov, Yuri S"]
[Result "0-1"]
[WhiteElo "2261"]
[BlackElo "2474"]
[Annotator "ChessBase"]
[PlyCount "90"]
[EventDate "2019.07.31"]
[EventType "swiss"]
[EventCountry "RUS"]
[SourceTitle "playchess.com"]
[Source "ChessBase"]
[SourceQuality "1"]
[TimeControl "5400+30"]

1. d4 {[%emt 0:00:00]} Nf6 {[%emt 0:00:00]} 2. c4 {[%emt 0:00:00]} e6 {[%emt 0:00:00]} 3. Nc3 {[%emt 0:00:00]} Bb4 {[%emt 0:00:00]} 4. Qc2 {[%emt 0:00:11]} d6 {[%emt 0:00:32]} 5. e3 {[%emt 0:04:34]} c5 {[%emt 0:06:17]} 6. Bd3 {[%emt 0:12:12]} Nc6 {[%emt 0:01:06]} 7. Nge2 {[%emt 0:01:43]} e5 {[%emt 0:00:33]} 8. dxc5 {[%emt 0:03:52]} dxc5 {[%emt 0:04:13]} 9. Bd2 {[%emt 0:07:18]} Be6 {[%emt 0:05:40]} 10. Ng3 {[%emt 0:07:27]} O-O {[%emt 0:01:45]} 11. O-O {[%emt 0:03:00]} h6 {[%emt 0:03:37]} 12. Rfd1 {[%emt 0:07:04]} Qc7 {[%emt 0:00:36]} 13. a3 {[%emt 0:00:40]} Bxc3 {[%emt 0:03:34]} 14. Bxc3 {[%emt 0:02:15]} a5 {[%emt 0:00:00]} 15. b3 {[%emt 0:00:36]} b6 {[%emt 0:01:14]} 16. Be2 {[%emt 0:05:54]} Rfe8 {[%emt 0:00:41]} 17. Nf5 {[%emt 0:06:46]} Bxf5 {[%emt 0:03:56]} 18. Qxf5 {[%emt 0:03:07]} Re6 {[%emt 0:04:38]} 19. Ra2 {[%emt 0:01:33]} Rae8 {[%emt 0:00:40]} 20. Rad2 {[%emt 0:07:02]} e4 {[%emt 0:00:16]} 21. Bxf6 {[%emt 0:02:44]} Rxf6 {[%emt 0:12:49]} 22. Qd7 {[%emt 0:07:49]} Qxd7 {[%emt 0:00:40]} 23. Rxd7 {[%emt 0:00:48]} g6 {[%emt 0:00:30]} 24. R1d6 {[%emt 0:00:00]} Rfe6 {[%emt 0:01:45]} 25. f4 {[%emt 0:06:35]} exf3 {[%emt 0:03:01]} 26. Bxf3 {[%emt 0:02:18]} Ne5 {[%emt 0:01:02]} 27. Rxe6 {[%emt 0:00:31]} Rxe6 {[%emt 0:01:09]} 28. Rd8+ {[%emt 0:00:27]} Kg7 {[%emt 0:04:40]} 29. Bd5 {[%emt 0:00:03]} Rf6 {[%emt 0:00:09]} 30. h3 {[%emt 0:00:10]} h5 {[%emt 0:00:39]} 31. Re8 {[%emt 0:00:36]} Nd3 {[%emt 0:00:57]} 32. e4 {[%emt 0:01:01]} Nc1 {[%emt 0:00:31]} 33. e5 {[%emt 0:00:59]} Rf5 {[%emt 0:02:42]} 34. Re7 {[%emt 0:01:52]} Kf8 {[%emt 0:03:17]} 35. Rb7 {[%emt 0:01:04]} h4 {[%emt 0:00:26]} 36. g4 {[%emt 0:02:08]} hxg3 {[%emt 0:01:40]} 37. Kg2 {[%emt 0:00:01]} Ne2 {[%emt 0:01:03]} 38. Bf3 {[%emt 0:03:04]} Rxe5 {[%emt 0:00:17]} 39. Rxb6 {[%emt 0:00:41]} Nd4 {[%emt 0:01:09]} 40. Bd5 {[%emt 0:00:24]} Nf5 {[%emt 0:01:45]} 41. b4 {[%emt 0:00:18]} axb4 {[%emt 0:00:41]} 42. axb4 {[%emt 0:00:50]} Re2+ {[%emt 0:07:07]} 43. Kf1 {[%emt 0:00:35]} Rc2 {[%emt 0:01:47]} 44. Ke1 {[%emt 0:00:08]} Ne3 {[%emt 0:00:10]} 45. Rb8+ {[%emt 0:00:45]} Kg7 {[%emt 0:01:25]} 0-1

[Event "Eurasia Open Cup 2019"]
[Site "Ekaterinburg"]
[Date "2019.08.03"]
[Round "4.20"]
[White "Schepetkova, Margarita"]
[Black "Kabanov, Nikolai"]
[Result "0-1"]
[WhiteElo "2241"]
[BlackElo "2450"]
[Annotator "ChessBase"]
[PlyCount "111"]
[EventDate "2019.07.31"]
[EventType "swiss"]
[EventCountry "RUS"]
[SourceTitle "playchess.com"]
[Source "ChessBase"]
[SourceQuality "1"]
[TimeControl "5400+30"]

1. d4 {[%emt 0:00:00]} Nf6 {[%emt 0:00:00]} 2. c4 {[%emt 0:00:00]} d6 {[%emt 0:00:00]} 3. Nc3 {[%emt 0:00:06]} e5 {[%emt 0:00:00]} 4. dxe5 {[%emt 0:02:36]} dxe5 {[%emt 0:00:00]} 5. Qxd8+ {[%emt 0:00:03]} Kxd8 {[%emt 0:00:05]} 6. Nf3 {[%emt 0:00:05]} Nbd7 {[%emt 0:00:57]} 7. Rg1 {[%emt 0:00:16]} h6 {[%emt 0:06:41]} 8. g4 {[%emt 0:00:18]} e4 {[%emt 0:02:03]} 9. g5 {[%emt 0:14:59]} exf3 {[%emt 0:08:57]} 10. gxf6 {[%emt 0:00:07]} Nxf6 {[%emt 0:02:08]} 11. exf3 {[%emt 0:03:40]} Be6 {[%emt 0:16:41]} 12. Bf4 {[%emt 0:00:39]} c6 {[%emt 0:04:41]} 13. O-O-O+ {[%emt 0:00:10]} Ke8 {[%emt 0:00:06]} 14. Re1 {[%emt 0:00:36]} Bc5 {[%emt 0:03:39]} 15. Be3 {[%emt 0:12:48]} Bxe3+ {[%emt 0:00:58]} 16. Rxe3 {[%emt 0:00:38]} Kf8 {[%emt 0:02:20]} 17. Ne4 {[%emt 0:03:48]} Rd8 {[%emt 0:09:41]} 18. Kc2 {[%emt 0:07:27]} Nxe4 {[%emt 0:03:07]} 19. fxe4 {[%emt 0:00:14]} g5 {[%emt 0:00:00]} 20. Bd3 {[%emt 0:04:24]} Ke7 {[%emt 0:01:53]} 21. Kc3 {[%emt 0:00:10]} c5 {[%emt 0:02:17]} 22. a3 {[%emt 0:04:33]} a5 {[%emt 0:00:29]} 23. Rb1 {[%emt 0:03:13]} Rd7 {[%emt 0:01:05]} 24. Rh1 {[%emt 0:04:07]} g4 {[%emt 0:09:37]} 25. Rg1 {[%emt 0:04:15]} Rdd8 {[%emt 0:01:40]} 26. h3 {[%emt 0:04:57]} h5 {[%emt 0:01:50]} 27. hxg4 {[%emt 0:05:49]} hxg4 {[%emt 0:00:38]} 28. Be2 {[%emt 0:01:46]} Rh4 {[%emt 0:03:09]} 29. Bd3 {[%emt 0:05:54]} Rh2 {[%emt 0:00:15]} 30. f4 {[%emt 0:00:09]} gxf3 {[%emt 0:00:09]} 31. Rxf3 {[%emt 0:00:02]} b6 {[%emt 0:02:23]} 32. Rb1 {[%emt 0:02:03]} Rg8 {[%emt 0:01:05]} 33. b4 {[%emt 0:02:43]} axb4+ {[%emt 0:01:31]} 34. axb4 {[%emt 0:00:00]} Ra8 {[%emt 0:00:42]} 35. bxc5 {[%emt 0:00:42]} bxc5 {[%emt 0:00:00]} 36. Bc2 {[%emt 0:07:39]} Ra2 {[%emt 0:01:37]} 37. Bb3 {[%emt 0:00:18]} Rae2 {[%emt 0:01:00]} 38. Ra1 {[%emt 0:00:01]} Rxe4 {[%emt 0:02:26]} 39. Ra7+ {[%emt 0:00:39]} Kf8 {[%emt 0:00:48]} 40. Rc7 {[%emt 0:00:55]} Rh5 {[%emt 0:01:11]} 41. Kb2 {[%emt 0:01:43]} Rd4 {[%emt 0:00:59]} 42. Rc6 {[%emt 0:02:52]} Ke7 {[%emt 0:00:56]} 43. Rc7+ {[%emt 0:01:02]} Rd7 {[%emt 0:00:08]} 44. Rc6 {[%emt 0:00:12]} Re5 {[%emt 0:01:29]} 45. Kc3 {[%emt 0:00:54]} Ra7 {[%emt 0:01:20]} 46. Rd3 {[%emt 0:00:33]} f5 {[%emt 0:01:40]} 47. Rh3 {[%emt 0:00:19]} f4 {[%emt 0:00:56]} 48. Rh7+ {[%emt 0:00:10]} Bf7 {[%emt 0:00:00]} 49. Bc2 {[%emt 0:01:32]} Re3+ {[%emt 0:04:13]} 50. Kb2 {[%emt 0:00:14]} Re2 {[%emt 0:00:26]} 51. Kc3 {[%emt 0:01:12]} f3 {[%emt 0:03:43]} 52. Rh3 {[%emt 0:01:28]} Ra3+ {[%emt 0:00:43]} 53. Kb2 {[%emt 0:00:00]} f2 {[%emt 0:00:48]} 54. Rh1 {[%emt 0:01:22]} Rf3 {[%emt 0:00:24]} 55. Rf1 {[%emt 0:00:33]} Bxc4 {[%emt 0:00:20]} 56. Rh1 {[%emt 0:00:12]} 0-1

[Event "Eurasia Open Cup 2019"]
[Site "Ekaterinburg"]
[Date "2019.08.03"]
[Round "4.21"]
[White "Khusenkhojaev, Muhammad"]
[Black "Rudometov, Maxim"]
[Result "1-0"]
[WhiteElo "2441"]
[BlackElo "2233"]
[Annotator "NA"]
[PlyCount "80"]
[EventDate "2019.07.31"]
[EventType "swiss"]
[EventCountry "RUS"]
[SourceTitle "playchess.com"]
[Source "ChessBase"]
[SourceQuality "1"]
[TimeControl "5400+30"]

1. d4 {[%emt 0:00:00]} Nf6 {[%emt 0:01:22]} 2. c4 {[%emt 0:00:00]} g6 {[%emt 0:01:23]} 3. g3 {[%emt 0:00:37]} Bg7 {[%emt 0:00:24]} 4. Nf3 {[%emt 0:00:00]} O-O {[%emt 0:01:49]} 5. Bg2 {[%emt 0:00:00]} d6 {[%emt 0:00:08]} 6. O-O {[%emt 0:00:14]} Nbd7 {[%emt 0:00:16]} 7. Nc3 {[%emt 0:00:11]} e5 {[%emt 0:02:38]} 8. e4 {[%emt 0:00:10]} c6 {[%emt 0:01:29]} 9. h3 {[%emt 0:00:20]} Qc7 {[%emt 0:01:11]} 10. Be3 {[%emt 0:00:32]} Re8 {[%emt 0:00:21]} 11. d5 {[%emt 0:00:44]} c5 {[%emt 0:01:13]} 12. a3 {[%emt 0:01:47]} Nf8 {[%emt 0:05:45]} 13. Nd2 {[%emt 0:00:01]} h6 {[%emt 0:05:47]} 14. b4 {[%emt 0:01:30]} b6 {[%emt 0:00:10]} 15. Rb1 {[%emt 0:04:07]} g5 {[%emt 0:18:18]} 16. Nb5 {[%emt 0:04:04]} Qd8 {[%emt 0:01:29]} 17. Nb3 {[%emt 0:01:44]} a6 {[%emt 0:07:48]} 18. Nxd6 {[%emt 0:00:08]} Qxd6 {[%emt 0:00:05]} 19. bxc5 {[%emt 0:00:08]} bxc5 {[%emt 0:00:03]} 20. Nxc5 {[%emt 0:00:45]} Qc7 {[%emt 0:08:18]} 21. Qc2 {[%emt 0:02:54]} a5 {[%emt 0:06:09]} 22. Rfc1 {[%emt 0:03:59]} Ng6 {[%emt 0:02:24]} 23. Na4 {[%emt 0:00:53]} Bd7 {[%emt 0:02:51]} 24. Nb6 {[%emt 0:00:38]} Rab8 {[%emt 0:00:02]} 25. c5 {[%emt 0:00:15]} Bf8 {[%emt 0:01:21]} 26. Bf1 {[%emt 0:05:16]} Kg7 {[%emt 0:13:00]} 27. f3 {[%emt 0:02:34]} Nh5 {[%emt 0:06:42]} 28. Bf2 {[%emt 0:05:00]} Red8 {[%emt 0:01:46]} 29. Qc3 {[%emt 0:07:19]} a4 {[%emt 0:04:25]} 30. c6 {[%emt 0:01:27]} Be8 {[%emt 0:00:32]} 31. Nxa4 {[%emt 0:00:38]} Rxb1 {[%emt 0:00:30]} 32. Rxb1 {[%emt 0:00:07]} Ra8 {[%emt 0:02:25]} 33. Rb7 {[%emt 0:01:41]} Qa5 {[%emt 0:00:47]} 34. Qxa5 {[%emt 0:01:26]} Rxa5 {[%emt 0:00:05]} 35. Nb6 {[%emt 0:03:35]} Bxa3 {[%emt 0:01:30]} 36. Rb8 {[%emt 0:00:38]} Nf6 {[%emt 0:00:30]} 37. c7 {[%emt 0:05:19]} Ne7 {[%emt 0:00:13]} 38. Nc4 {[%emt 0:00:46]} Ra4 {[%emt 0:00:28]} 39. Nxa3 {[%emt 0:00:00]} Rxa3 {[%emt 0:00:42]} 40. Bc5 {[%emt 0:00:10]} Neg8 {[%emt 0:00:35]} 1-0

[Event "Eurasia Open Cup 2019"]
[Site "Ekaterinburg"]
[Date "2019.08.03"]
[Round "4.22"]
[White "Navrodskiy, Boris"]
[Black "Davtyan, Artur"]
[Result "0-1"]
[WhiteElo "2223"]
[BlackElo "2440"]
[Annotator "NA"]
[PlyCount "70"]
[EventDate "2019.07.31"]
[EventType "swiss"]
[EventCountry "RUS"]
[SourceTitle "playchess.com"]
[Source "ChessBase"]
[SourceQuality "1"]
[TimeControl "5400+30"]

1. d4 {[%emt 0:00:00]} d5 {[%emt 0:00:00]} 2. c4 {[%emt 0:00:00]} c6 {[%emt 0:00:00]} 3. Nf3 {[%emt 0:00:00]} Nf6 {[%emt 0:00:00]} 4. e3 {[%emt 0:01:04]} Bf5 {[%emt 0:00:00]} 5. Nc3 {[%emt 0:00:39]} e6 {[%emt 0:00:00]} 6. Nh4 {[%emt 0:00:26]} Be4 {[%emt 0:00:00]} 7. f3 {[%emt 0:08:31]} Bg6 {[%emt 0:01:15]} 8. Nxg6 {[%emt 0:00:00]} hxg6 {[%emt 0:00:04]} 9. Bd3 {[%emt 0:00:00]} Bd6 {[%emt 0:02:34]} 10. f4 {[%emt 0:00:16]} c5 {[%emt 0:37:12]} 11. cxd5 {[%emt 0:35:58]} exd5 {[%emt 0:04:47]} 12. O-O {[%emt 0:07:29]} Nc6 {[%emt 0:07:06]} 13. Qf3 {[%emt 0:07:56]} Be7 {[%emt 0:16:34]} 14. Ne2 {[%emt 0:04:53]} Qb6 {[%emt 0:01:34]} 15. dxc5 {[%emt 0:05:37]} Bxc5 {[%emt 0:00:01]} 16. Nc3 {[%emt 0:00:30]} Qd8 {[%emt 0:03:45]} 17. Rd1 {[%emt 0:01:57]} Qe7 {[%emt 0:07:02]} 18. a3 {[%emt 0:03:51]} a5 {[%emt 0:05:34]} 19. Bb5 {[%emt 0:00:34]} Rd8 {[%emt 0:03:11]} 20. Nxd5 {[%emt 0:01:36]} Nxd5 {[%emt 0:00:17]} 21. Rxd5 {[%emt 0:00:04]} O-O {[%emt 0:01:30]} 22. Bxc6 {[%emt 0:00:32]} bxc6 {[%emt 0:04:38]} 23. Rxd8 {[%emt 0:03:54]} Rxd8 {[%emt 0:00:03]} 24. b4 {[%emt 0:01:25]} axb4 {[%emt 0:00:32]} 25. axb4 {[%emt 0:03:46]} Bxb4 {[%emt 0:00:00]} 26. e4 {[%emt 0:00:03]} c5 {[%emt 0:00:00]} 27. Bb2 {[%emt 0:05:55]} Qd7 {[%emt 0:05:17]} 28. f5 {[%emt 0:01:24]} g5 {[%emt 0:00:09]} 29. Rf1 {[%emt 0:01:42]} c4 {[%emt 0:00:20]} 30. f6 {[%emt 0:01:16]} g6 {[%emt 0:00:32]} 31. Bc1 {[%emt 0:01:17]} c3 {[%emt 0:00:08]} 32. Bxg5 {[%emt 0:01:55]} c2 {[%emt 0:00:00]} 33. Qg3 {[%emt 0:00:26]} Qd1 {[%emt 0:00:01]} 34. Qh3 {[%emt 0:01:21]} Bc5+ {[%emt 0:00:15]} 35. Be3 {[%emt 0:00:02]} c1=Q {[%emt 0:00:02]} 0-1

[Event "Eurasia Open Cup 2019"]
[Site "Ekaterinburg"]
[Date "2019.08.03"]
[Round "4.23"]
[White "Shubin, Kirill"]
[Black "Iljushina, Olga"]
[Result "1-0"]
[WhiteElo "2426"]
[BlackElo "2208"]
[Annotator "NA"]
[PlyCount "57"]
[EventDate "2019.07.31"]
[EventType "swiss"]
[EventCountry "RUS"]
[SourceTitle "playchess.com"]
[Source "ChessBase"]
[SourceQuality "1"]
[TimeControl "5400+30"]

1. e4 {[%emt 0:00:00]} c6 {[%emt 0:00:00]} 2. d4 {[%emt 0:00:00]} d5 {[%emt 0:00:00]} 3. exd5 {[%emt 0:00:00]} cxd5 {[%emt 0:00:00]} 4. Bd3 {[%emt 0:00:00]} Nc6 {[%emt 0:00:00]} 5. c3 {[%emt 0:00:00]} Qc7 {[%emt 0:00:00]} 6. Ne2 {[%emt 0:00:00]} Bg4 {[%emt 0:00:00]} 7. O-O {[%emt 0:00:02]} Nf6 {[%emt 0:00:00]} 8. Qe1 {[%emt 0:00:02]} Bxe2 {[%emt 0:00:22]} 9. Qxe2 {[%emt 0:00:08]} e6 {[%emt 0:00:41]} 10. f4 {[%emt 0:02:29]} Bd6 {[%emt 0:01:04]} 11. g3 {[%emt 0:00:58]} O-O-O {[%emt 0:02:21]} 12. Nd2 {[%emt 0:00:00]} h5 {[%emt 0:02:21]} 13. Nf3 {[%emt 0:00:01]} Ne7 {[%emt 0:02:44]} 14. Ne5 {[%emt 0:03:19]} Nf5 {[%emt 0:01:35]} 15. Bd2 {[%emt 0:01:37]} g6 {[%emt 0:05:09]} 16. a4 {[%emt 0:01:53]} Nh6 {[%emt 0:00:32]} 17. a5 {[%emt 0:00:19]} Kb8 {[%emt 0:03:36]} 18. b4 {[%emt 0:04:29]} Nd7 {[%emt 0:11:19]} 19. b5 {[%emt 0:02:15]} Bxe5 {[%emt 0:15:20]} 20. fxe5 {[%emt 0:02:35]} Nf5 {[%emt 0:03:32]} 21. b6 {[%emt 0:00:15]} axb6 {[%emt 0:01:55]} 22. a6 {[%emt 0:06:27]} Rh7 {[%emt 0:02:55]} 23. Rfb1 {[%emt 0:03:17]} Rdh8 {[%emt 0:11:05]} 24. axb7 {[%emt 0:05:21]} Ne7 {[%emt 0:06:50]} 25. Bb5 {[%emt 0:02:19]} h4 {[%emt 0:04:31]} 26. Bxd7 {[%emt 0:06:45]} Qxd7 {[%emt 0:08:16]} 27. Ra8+ {[%emt 0:02:06]} Kc7 {[%emt 0:00:30]} 28. Qa6 {[%emt 0:00:32]} Qc6 {[%emt 0:00:18]} 29. b8=Q+ {[%emt 0:00:00]} 1-0

[Event "Eurasia Open Cup 2019"]
[Site "Ekaterinburg"]
[Date "2019.08.03"]
[Round "4.24"]
[White "Anchutin, Nikita"]
[Black "Kopylov, Alexander A."]
[Result "0-1"]
[WhiteElo "2216"]
[BlackElo "2410"]
[Annotator "NA"]
[PlyCount "102"]
[EventDate "2019.07.31"]
[EventType "swiss"]
[EventCountry "RUS"]
[SourceTitle "playchess.com"]
[Source "ChessBase"]
[SourceQuality "1"]
[TimeControl "5400+30"]

1. d4 {[%emt 0:00:00]} Nf6 {[%emt 0:00:00]} 2. Nf3 {[%emt 0:00:00]} c5 {[%emt 0:00:00]} 3. d5 {[%emt 0:00:00]} e6 {[%emt 0:00:01]} 4. c4 {[%emt 0:00:54]} exd5 {[%emt 0:00:36]} 5. cxd5 {[%emt 0:00:07]} d6 {[%emt 0:00:02]} 6. Nc3 {[%emt 0:00:39]} g6 {[%emt 0:00:26]} 7. g3 {[%emt 0:00:00]} Bg7 {[%emt 0:01:12]} 8. Bg2 {[%emt 0:00:00]} O-O {[%emt 0:00:00]} 9. O-O {[%emt 0:00:00]} Re8 {[%emt 0:00:01]} 10. Bf4 {[%emt 0:00:26]} a6 {[%emt 0:00:45]} 11. a4 {[%emt 0:00:00]} h6 {[%emt 0:00:00]} 12. h3 {[%emt 0:07:50]} g5 {[%emt 0:02:59]} 13. Bc1 {[%emt 0:06:32]} Nbd7 {[%emt 0:02:05]} 14. Qc2 {[%emt 0:17:07]} b6 {[%emt 0:20:09]} 15. Nd2 {[%emt 0:20:12]} g4 {[%emt 0:06:04]} 16. hxg4 {[%emt 0:04:43]} Nxg4 {[%emt 0:01:10]} 17. Nf3 {[%emt 0:05:34]} Ndf6 {[%emt 0:04:07]} 18. Nh4 {[%emt 0:03:21]} Re5 {[%emt 0:00:25]} 19. Bf4 {[%emt 0:03:48]} Rh5 {[%emt 0:01:57]} 20. Qd2 {[%emt 0:07:38]} Rb8 {[%emt 0:03:36]} 21. Bf3 {[%emt 0:04:06]} Qe7 {[%emt 0:10:42]} 22. Kg2 {[%emt 0:03:19]} b5 {[%emt 0:00:46]} 23. axb5 {[%emt 0:00:31]} axb5 {[%emt 0:00:36]} 24. Rh1 {[%emt 0:01:18]} b4 {[%emt 0:00:02]} 25. Nd1 {[%emt 0:01:40]} Nxd5 {[%emt 0:00:30]} 26. Ng6 {[%emt 0:00:04]} Nxf4+ {[%emt 0:01:59]} 27. Nxf4 {[%emt 0:07:41]} Rxh1 {[%emt 0:02:28]} 28. Kxh1 {[%emt 0:00:07]} c4 {[%emt 0:00:19]} 29. Rc1 {[%emt 0:00:04]} Ne5 {[%emt 0:01:34]} 30. Bd5 {[%emt 0:01:09]} Be6 {[%emt 0:09:43]} 31. Nxe6 {[%emt 0:00:39]} c3 {[%emt 0:15:05]} 32. bxc3 {[%emt 0:00:35]} fxe6 {[%emt 0:01:42]} 33. Bb3 {[%emt 0:00:57]} bxc3 {[%emt 0:00:07]} 34. Rxc3 {[%emt 0:02:29]} d5 {[%emt 0:01:45]} 35. Re3 {[%emt 0:00:04]} Rb6 {[%emt 0:01:03]} 36. Ba2 {[%emt 0:01:15]} Qa7 {[%emt 0:04:52]} 37. Qc2 {[%emt 0:00:13]} Rc6 {[%emt 0:04:39]} 38. Qb1 {[%emt 0:00:51]} Ra6 {[%emt 0:00:38]} 39. Rb3 {[%emt 0:00:41]} Nc6 {[%emt 0:00:48]} 40. Nc3 {[%emt 0:00:39]} Qxf2 {[%emt 0:02:20]} 41. Qg6 {[%emt 0:01:13]} Qf7 {[%emt 0:00:53]} 42. Qd3 {[%emt 0:01:05]} Ra8 {[%emt 0:01:06]} 43. Bb1 {[%emt 0:00:06]} Be5 {[%emt 0:00:59]} 44. Kg2 {[%emt 0:00:47]} Rf8 {[%emt 0:00:40]} 45. Qg6+ {[%emt 0:00:18]} Qxg6 {[%emt 0:00:10]} 46. Bxg6 {[%emt 0:00:49]} Na5 {[%emt 0:00:08]} 47. Ra3 {[%emt 0:00:04]} Nc4 {[%emt 0:00:45]} 48. Rb3 {[%emt 0:00:04]} Ne3+ {[%emt 0:00:04]} 49. Kg1 {[%emt 0:00:03]} Bxg3 {[%emt 0:00:10]} 50. Rb1 {[%emt 0:01:20]} Bf2+ {[%emt 0:00:38]} 51. Kh2 {[%emt 0:00:16]} Rf4 {[%emt 0:00:30]} 0-1

[Event "Eurasia Open Cup 2019"]
[Site "Ekaterinburg"]
[Date "2019.08.03"]
[Round "4.25"]
[White "Radzhabov, Rodion"]
[Black "Chigaeva, Anastasia"]
[Result "1/2-1/2"]
[WhiteElo "2404"]
[BlackElo "2193"]
[Annotator "NA"]
[PlyCount "80"]
[EventDate "2019.07.31"]
[EventType "swiss"]
[EventCountry "RUS"]
[SourceTitle "playchess.com"]
[Source "ChessBase"]
[SourceQuality "1"]
[TimeControl "5400+30"]

1. Nf3 {[%emt 0:00:00]} d5 {[%emt 0:00:00]} 2. g3 {[%emt 0:00:00]} c6 {[%emt 0:00:00]} 3. Bg2 {[%emt 0:00:00]} Nf6 {[%emt 0:00:19]} 4. O-O {[%emt 0:00:00]} Bg4 {[%emt 0:00:25]} 5. d3 {[%emt 0:00:01]} e6 {[%emt 0:00:25]} 6. Nbd2 {[%emt 0:00:05]} Be7 {[%emt 0:00:50]} 7. h3 {[%emt 0:00:05]} Bh5 {[%emt 0:00:35]} 8. e4 {[%emt 0:00:25]} O-O {[%emt 0:01:15]} 9. Qe2 {[%emt 0:00:35]} Nbd7 {[%emt 0:02:11]} 10. e5 {[%emt 0:04:12]} Ne8 {[%emt 0:06:05]} 11. Re1 {[%emt 0:01:16]} Nc7 {[%emt 0:02:26]} 12. g4 {[%emt 0:11:49]} Bg6 {[%emt 0:02:37]} 13. Nf1 {[%emt 0:00:05]} f5 {[%emt 0:08:56]} 14. exf6 {[%emt 0:03:33]} Bxf6 {[%emt 0:00:35]} 15. Ng3 {[%emt 0:01:52]} Be7 {[%emt 0:12:01]} 16. d4 {[%emt 0:04:29]} Bd6 {[%emt 0:04:25]} 17. c3 {[%emt 0:09:57]} Qe7 {[%emt 0:08:19]} 18. Ne5 {[%emt 0:08:39]} Nxe5 {[%emt 0:05:24]} 19. dxe5 {[%emt 0:00:15]} Bc5 {[%emt 0:00:05]} 20. Be3 {[%emt 0:00:04]} Rad8 {[%emt 0:02:29]} 21. Rad1 {[%emt 0:08:34]} Na8 {[%emt 0:01:08]} 22. Bxc5 {[%emt 0:02:24]} Qxc5 {[%emt 0:03:07]} 23. Qe3 {[%emt 0:00:05]} Qxe3 {[%emt 0:03:57]} 24. Rxe3 {[%emt 0:00:24]} Nb6 {[%emt 0:00:28]} 25. b3 {[%emt 0:00:10]} Nd7 {[%emt 0:01:59]} 26. Ne2 {[%emt 0:01:15]} Nc5 {[%emt 0:03:28]} 27. f4 {[%emt 0:06:01]} Rde8 {[%emt 0:01:09]} 28. Kh2 {[%emt 0:04:31]} Be4 {[%emt 0:03:17]} 29. Rf1 {[%emt 0:00:36]} Bxg2 {[%emt 0:00:49]} 30. Kxg2 {[%emt 0:00:00]} Ne4 {[%emt 0:00:54]} 31. c4 {[%emt 0:03:22]} g5 {[%emt 0:04:57]} 32. h4 {[%emt 0:00:39]} Nd2 {[%emt 0:00:02]} 33. Rf2 {[%emt 0:14:09]} gxf4 {[%emt 0:06:13]} 34. Nxf4 {[%emt 0:01:27]} Ne4 {[%emt 0:02:28]} 35. Rff3 {[%emt 0:00:33]} Nd2 {[%emt 0:00:34]} 36. Rf2 {[%emt 0:00:31]} Ne4 {[%emt 0:00:39]} 37. Rff3 {[%emt 0:00:07]} Nd2 {[%emt 0:00:10]} 38. Rf2 {[%emt 0:00:07]} Ne4 {[%emt 0:00:23]} 39. Rff3 {[%emt 0:00:03]} Nd2 {[%emt 0:00:07]} 40. Rf2 {[%emt 0:00:03]} Ne4 {[%emt 0:00:07]} 1/2-1/2

[Event "Eurasia Open Cup 2019"]
[Site "Ekaterinburg"]
[Date "2019.08.03"]
[Round "4.26"]
[White "Krasikov, Vladislav"]
[Black "Popov, Mikhail"]
[Result "0-1"]
[WhiteElo "2211"]
[BlackElo "2397"]
[Annotator "NA"]
[PlyCount "80"]
[EventDate "2019.07.31"]
[EventType "swiss"]
[EventCountry "RUS"]
[SourceTitle "playchess.com"]
[Source "ChessBase"]
[SourceQuality "1"]
[TimeControl "5400+30"]

1. d4 {[%emt 0:00:00]} Nf6 {[%emt 0:00:00]} 2. c4 {[%emt 0:00:00]} g6 {[%emt 0:00:04]} 3. Nc3 {[%emt 0:00:00]} Bg7 {[%emt 0:00:00]} 4. e4 {[%emt 0:00:00]} d6 {[%emt 0:00:00]} 5. Nf3 {[%emt 0:00:00]} O-O {[%emt 0:00:21]} 6. Be2 {[%emt 0:00:34]} Na6 {[%emt 0:00:48]} 7. O-O {[%emt 0:00:17]} e5 {[%emt 0:00:35]} 8. Re1 {[%emt 0:07:33]} Qe8 {[%emt 0:05:03]} 9. dxe5 {[%emt 0:08:04]} dxe5 {[%emt 0:00:54]} 10. b3 {[%emt 0:00:55]} Qe7 {[%emt 0:08:57]} 11. Nd5 {[%emt 0:04:13]} Nxd5 {[%emt 0:00:00]} 12. cxd5 {[%emt 0:00:06]} f5 {[%emt 0:06:26]} 13. Bxa6 {[%emt 0:27:42]} bxa6 {[%emt 0:00:00]} 14. a4 {[%emt 0:04:04]} Re8 {[%emt 0:09:12]} 15. Ba3 {[%emt 0:01:43]} Qf6 {[%emt 0:00:55]} 16. Rc1 {[%emt 0:01:49]} fxe4 {[%emt 0:04:45]} 17. Nd2 {[%emt 0:01:35]} Bb7 {[%emt 0:01:00]} 18. Rxc7 {[%emt 0:00:31]} Bxd5 {[%emt 0:05:17]} 19. Nxe4 {[%emt 0:11:35]} Bxe4 {[%emt 0:00:47]} 20. Rxe4 {[%emt 0:01:40]} Rad8 {[%emt 0:04:18]} 21. Qc2 {[%emt 0:00:01]} Qf5 {[%emt 0:04:30]} 22. Qc4+ {[%emt 0:04:28]} Kh8 {[%emt 0:08:19]} 23. Re1 {[%emt 0:04:11]} Rd2 {[%emt 0:03:10]} 24. Bc5 {[%emt 0:00:08]} Rc2 {[%emt 0:04:51]} 25. Qxa6 {[%emt 0:03:03]} e4 {[%emt 0:07:55]} 26. Qc6 {[%emt 0:03:16]} Rf8 {[%emt 0:00:47]} 27. Rf1 {[%emt 0:11:02]} Be5 {[%emt 0:02:38]} 28. Bxf8 {[%emt 0:02:56]} Rxc6 {[%emt 0:06:45]} 29. Rxc6 {[%emt 0:02:03]} Qxf8 {[%emt 0:00:11]} 30. Re1 {[%emt 0:00:15]} Qb4 {[%emt 0:00:34]} 31. Rcc1 {[%emt 0:00:45]} Kg7 {[%emt 0:01:43]} 32. Kf1 {[%emt 0:00:28]} Qd2 {[%emt 0:02:02]} 33. Rcd1 {[%emt 0:00:30]} Qc2 {[%emt 0:05:04]} 34. Rd7+ {[%emt 0:00:30]} Kh6 {[%emt 0:00:16]} 35. Re7 {[%emt 0:00:22]} Bc3 {[%emt 0:00:00]} 36. R1xe4 {[%emt 0:00:40]} Qd1+ {[%emt 0:00:59]} 37. Re1 {[%emt 0:00:27]} Bxe1 {[%emt 0:00:07]} 38. Rxe1 {[%emt 0:00:01]} Qxb3 {[%emt 0:00:06]} 39. Ra1 {[%emt 0:00:32]} Qc4+ {[%emt 0:00:55]} 40. Kg1 {[%emt 0:00:00]} Qd4 {[%emt 0:00:13]} 0-1